000 00646cam a22002291 4500
001 sa 65001680
003 DLC
005 20260227112110.0
008 841015s1963 io a 000 0 ind
010 _asa 65001680
025 _aPL480:Indo-1288
035 _a(OCoLC)11267330
040 _aDLC
_cWU
_dDLC
042 _apremarc
050 0 0 _aHQ56
_b.N19 1963
100 1 _aNasution, Amir Taat.
245 1 0 _aSorga perkawinan (rumah tangga bahagia)
_coleh Amirtaat Nasution.
250 _aTjet. 9, diperbaiki dan bergaja baru.
260 _aDjakarta,
_bSinar Pagi,
_c1963.
300 _a108 p.
_billus.
_c19 cm.
650 0 _aSex instruction.
999 _c62160
_d62160